| 000 | 00558nam a2200217Ia 4500 | ||
|---|---|---|---|
| 003 | OSt | ||
| 005 | 20230710125012.0 | ||
| 008 | 210324s9999||||xx |||||||||||||| ||und|| | ||
| 040 | _cSTCPL | ||
| 041 | _aENG | ||
| 082 |
_a621.48 _bKEN-N |
||
| 100 | _aJay, Kenneth | ||
| 245 | 0 |
_aNuclear power : _bTodays and tomorrow / _cby Kenneth Jay |
|
| 260 |
_aLondon : _bMethuen and Co Ltd , _c1963 . |
||
| 300 |
_a270 p. _bPB |
||
| 490 | _aScience today series / | ||
| 650 | _aEnergy, atom and neutrons | ||
| 650 | _aNuclear power | ||
| 942 | _cBK | ||
| 942 | _2ddc | ||
| 999 |
_c11443 _d11443 |
||